000 00749nam a2200241Ia 4500
003 OSt
005 20220923223436.0
006 a|||||r|||| 00| 0
007 ta
008 220922b |||||||| |||| 00| 0 hin d
024 _a215,398
037 _cTextual
040 _aARTS
_cARTS
_bhin
041 _2hin
_ahin
082 _aR85, 152N2;1
100 _aशर्मा, चन्द्रधर
245 0 _aपाश्चात्य दर्शन
246 _aPāshchātya darshana
260 _aदिल्ली
_b मोती लाल बनारसी दास
_c1992
300 _a247 पृ.
_ccm.
942 _hR85, 152N2;1
_cTEXL
_2CC
999 _c365305
_d365305